LEADER 01222nam a2200289 a 4500 001 000000141729 003 CaOOAMICUS 005 20150211093530.0 008 150211s1990 it cf u000 u ita r 020 $a88-00-85644-6 040 $aPUL$bita 100 1 $aSpadolini, Giovanni,$d1925-1994.$0(OLS)http://pul/name/739 245 13$aIl debito con Croce /$cGiovanni Spadolini ; con gli scritti di Croce sulla Nuova antologia, 1911-1945. 260 $aFirenze :$bLe Monnier,$c1990. 300 $a184 p., [1] p. di tav. :$britr. ;$c24 cm 490 1 $aQuaderni della Nuova antologia ;$v41 504 $aBibliografia in nota. 600 14$aCroce, Benedetto,$d1866-1952$xFilosofia.$0(OLS)http://pul/subject/7274 830 0$aQuaderni della Nuova antologia ;$v41.$0(OLS)http://pul/title/179375 850 $aPUL 852 $aPUL$W1$xDP1 Fondo Capitani$y116$m9 A 80$j64436$qFondi$B163559$CPULBib$Z2$F163559 $HCap1565 $82 941 1 $a1 961 $aDedica autografa dell'A. 996 $6020$a88-00-85644-6$9(OLS)http://pul/number/156918 996 $6245$aIl debito con Croce$9(OLS)http://pul/title/179374 996 $6260$aFirenze :$bLe Monnier$9(OLS)http://pul/publisher/48028 LEADER 01220nam a2200277 u 4500 001 000000113698 003 CaOOAMICUS 005 20081030152915.0 008 081030s2006 it u000 u ita r 020 $a88-10-41502-7 040 $aPUL$bita$dLDB 245 00$aNatura senza fine :$bil naturalismo moderno e le sue forme /$ca cura di Paolo Costa, Francesca Michelini. 260 $aBologna :$bEDB,$cc2006. 300 $a372 p. ;$c21 cm 490 1 $aScienze religiose. Nuova serie ;$v14 504 $aBibliografia in nota a pie' pagina. 650 4$aNaturalismo.$0(OLS)http://pul/subject/7265 700 1 $aMichelini, Francesca.$0(OLS)http://pul/name/70134 700 1 $aCosta, Paolo,$d1966-$0(OLS)http://pul/name/53652 830 0$aScienze religiose (EDB).$pNuova serie ;$v14.$0(OLS)http://pul/title/65809 850 $aPUL 852 $aPUL$W1$xSL Filosofia 3$y81$m146 COSPA 1$j129901$qDDC 21$B128968$CPULBib$Z2$F128968 $H108583 $82 941 1 $a9 996 $6020$a88-10-41502-7$9(OLS)http://pul/number/139025 996 $6245$aNatura senza fine :$bil naturalismo moderno e le sue forme$9(OLS)http://pul/title/142875 996 $6260$aBologna :$bEDB$9(OLS)http://pul/publisher/56073